[Event "Prva A liga SSFBiH"]
[Site "Neum"]
[Date "2012.08.25"]
[Round "1.1"]
[White "Muratovic, Enver"]
[Black "Mujic, Hamza"]
[Result "0-1"]
[WhiteElo "2301"]
[BlackElo "2359"]
[PlyCount "138"]
[EventDate "2012.08.25"]

1. e4 e5 2. Nf3 Nc6 3. Bb5 a6 4. Ba4 Nf6 5. O-O Be7 6. Re1 b5 7. Bb3 O-O 8. a4
b4 9. d3 d6 10. h3 Na5 11. Ba2 Rb8 12. Nbd2 Bd7 13. Nc4 Nb7 14. Bb3 Nc5 15. Be3
Nxb3 16. cxb3 c5 17. Bg5 Ne8 18. Bxe7 Qxe7 19. Ne3 Be6 20. Nd2 g6 21. Nec4 Ng7
22. Kh2 f5 23. Qe2 Nh5 24. g3 Rf7 25. exf5 Bxf5 26. Qe3 Rbf8 27. f3 Bc8 28. Nb6
Be6 29. Rf1 Ng7 30. g4 Qc7 31. a5 Rf4 32. Rac1 Qe7 33. Nbc4 Rd4 34. Kg3 Rff4
35. Ne4 Bxc4 36. bxc4 Ne6 37. Rce1 h6 38. Rf2 Qd8 39. Ra1 Ng7 40. Rd2 Qh4+ 41.
Kg2 Ne6 42. Rh1 Rf7 43. Qf2 Nf4+ 44. Kf1 Qd8 45. Qe3 Qxa5 46. Kf2 Qa2 47. h4
Qb3 48. Rhd1 a5 49. Kg3 a4 50. g5 h5 51. Nf6+ Kf8 52. Ra1 Rxf6 53. gxf6 Rxc4
54. Rxa4 Rd4 55. Ra8+ Kf7 56. Ra7+ Kxf6 57. Qg1 Qe6 58. Qf1 c4 59. Ra6 cxd3 60.
Kf2 Qc4 61. Ra4 Qc7 62. Ra8 Qc5 63. Kg3 b3 64. Qf2 Rc4 65. Rb8 Rc2 66. Qxc5
dxc5 67. Rxb3 Kf5 68. Rf2 Ne2+ 69. Kg2 Nd4 0-1

[Event "Prva A liga SSFBiH"]
[Site "Neum"]
[Date "2012.08.25"]
[Round "1.1"]
[White "Sekulic, Dusan"]
[Black "Kojic, Tigran"]
[Result "1-0"]
[WhiteElo "2306"]
[BlackElo "2322"]
[PlyCount "59"]
[EventDate "2012.08.25"]

1. d4 Nf6 2. Nf3 c5 3. d5 b5 4. Bg5 Qa5+ 5. Nc3 b4 6. Bxf6 gxf6 7. Ne4 d6 8.
Ned2 Ba6 9. e4 Bxf1 10. Nxf1 Nd7 11. Ne3 Qb5 12. Qd3 Qxd3 13. cxd3 Bh6 14. Nf5
Bf4 15. g3 Be5 16. Nxe5 fxe5 17. f4 c4 18. dxc4 Nc5 19. O-O-O Kd7 20. Rhe1 f6
21. Re3 a5 22. Rf1 Rhg8 23. Kd2 a4 24. Ke2 Rac8 25. Kf3 Rc7 26. b3 axb3 27.
axb3 Ra7 28. g4 Ra3 29. fxe5 fxe5 30. Ree1 1-0

[Event "Prva A liga SSFBiH"]
[Site "Neum"]
[Date "2012.08.25"]
[Round "1.1"]
[White "Bajramovic, Halid"]
[Black "Muslimovic, Seval"]
[Result "1-0"]
[WhiteElo "2160"]
[BlackElo "2132"]
[PlyCount "55"]
[EventDate "2012.08.25"]

1. d4 f5 2. c4 Nf6 3. Nc3 e6 4. a3 c6 5. c5 d6 6. cxd6 Bxd6 7. Nf3 O-O 8. e3 b5
9. g3 a6 10. Bg2 Bb7 11. O-O Re8 12. Qb3 Nbd7 13. Rd1 c5 14. dxc5 Nxc5 15. Qa2
Qe7 16. b4 Nce4 17. Bb2 Rac8 18. Rac1 Nxc3 19. Bxc3 Bd5 20. Qb2 Rc4 21. Nd2 Rc6
22. Bxf6 Rxc1 23. Rxc1 gxf6 24. Bxd5 exd5 25. Qb3 Qe6 26. Rc6 Ra8 27. Nf3 Qe4
28. Nd4 1-0

[Event "Prva A liga SSFBiH"]
[Site "Neum"]
[Date "2012.08.25"]
[Round "1.1"]
[White "Sestic, Nermin"]
[Black "Smajlovic, Nijaz"]
[Result "1-0"]
[WhiteElo "2138"]
[BlackElo "1994"]
[PlyCount "61"]
[EventDate "2012.08.25"]

1. d4 e6 2. c4 Nf6 3. Nf3 d5 4. Bg5 Be7 5. e3 O-O 6. Bd3 dxc4 7. Bxc4 Nd5 8.
Bxe7 Qxe7 9. O-O f5 10. Qb3 c6 11. Nbd2 Nd7 12. Rac1 N7f6 13. Ne5 g5 14. a3 g4
15. f3 Nd7 16. e4 Nxe5 17. dxe5 Nb6 18. Be2 Bd7 19. exf5 Rxf5 20. f4 Raf8 21.
g3 h5 22. Ne4 R5f7 23. Nd6 c5 24. Rxc5 Bc6 25. Bc4 Rg7 26. Bxe6+ Kh8 27. f5 Qg5
28. f6 Rc7 29. Rf5 Qg6 30. Qe3 Nd7 31. Rc1 1-0

[Event "Prva A liga SSFBiH"]
[Site "Neum"]
[Date "2012.08.25"]
[Round "1.1"]
[White "Omercic, Muhamed"]
[Black "Markovic, Dino"]
[Result "1-0"]
[WhiteElo "2098"]
[BlackElo "1511"]
[PlyCount "77"]
[EventDate "2012.08.25"]

1. d4 d5 2. c4 c6 3. Nc3 Nf6 4. Bf4 e6 5. e3 Nbd7 6. Bd3 Be7 7. c5 b6 8. b4 a5
9. a3 axb4 10. axb4 Bb7 11. Nf3 O-O 12. O-O h6 13. Qe2 Nh5 14. Be5 Nxe5 15.
Nxe5 Nf6 16. f4 Qc7 17. g4 Nh7 18. Qc2 Nf6 19. Qg2 bxc5 20. bxc5 Nd7 21. Nf3 g6
22. h4 Kg7 23. Qh3 Ra5 24. h5 Rfa8 25. Rac1 Ba6 26. Bxa6 R5xa6 27. hxg6 fxg6
28. g5 hxg5 29. fxg5 Rh8 30. Qg4 Rh5 31. Rc2 e5 32. Rg2 Ra3 33. Ne2 e4 34. Ng3
Rh8 35. Nh4 Nf8 36. Nhf5+ Kg8 37. Nh6+ Rxh6 38. gxh6 Rxe3 39. Rxf8+ 1-0

[Event "Prva A liga SSFBiH"]
[Site "Neum"]
[Date "2012.08.25"]
[Round "1.2"]
[White "Saric, Sinisa"]
[Black "Kruskic, Mirsad"]
[Result "1/2-1/2"]
[WhiteElo "2433"]
[BlackElo "2118"]
[PlyCount "106"]
[EventDate "2012.08.25"]

1. d4 Nf6 2. c4 g6 3. Nc3 Bg7 4. e4 d6 5. Nf3 O-O 6. Be2 e5 7. Be3 Nbd7 8. d5
Ng4 9. Bg5 f6 10. Bd2 Nh6 11. h4 f5 12. h5 f4 13. hxg6 hxg6 14. Qc2 g5 15.
O-O-O g4 16. Nh4 Nc5 17. Rdg1 a5 18. Bd1 Qf6 19. Kb1 Bd7 20. g3 f3 21. Be3 b6
22. Qd2 Nf7 23. Bc2 Bh6 24. Bxh6 Qxh6 25. Qxh6 Nxh6 26. Ng6 Rf6 27. Rxh6 Kg7
28. Rgh1 Rxg6 29. Rh7+ Kf6 30. b3 Rg7 31. R7h6+ Rg6 32. R6h4 Rag8 33. a3 Nb7
34. b4 axb4 35. axb4 Nd8 36. Ba4 Bxa4 37. Nxa4 Nf7 38. Nc3 Rc8 39. Kb2 Rgg8 40.
Nd1 Rh8 41. Ne3 Rcg8 42. Kc3 Rxh4 43. Rxh4 Ra8 44. Nxg4+ Kg6 45. Kb2 Ra4 46.
Kb3 Ra1 47. c5 b5 48. Ne3 Ng5 49. cxd6 cxd6 50. Nf5 Nxe4 51. Ne7+ Kf7 52. Rxe4
Kxe7 53. Re3 Rb1+ 1/2-1/2

[Event "Prva A liga SSFBiH"]
[Site "Neum"]
[Date "2012.08.25"]
[Round "1.2"]
[White "Alihodzic, Muzafer"]
[Black "Nurkic, Sahbaz"]
[Result "0-1"]
[WhiteElo "2081"]
[BlackElo "2397"]
[PlyCount "130"]
[EventDate "2012.08.25"]

1. e4 g6 2. g3 Bg7 3. Bg2 c5 4. Ne2 Nc6 5. d3 Nf6 6. Nbc3 O-O 7. a3 d6 8. h3
Rb8 9. Rb1 a5 10. f4 Nd4 11. a4 e5 12. O-O Be6 13. b3 Ne8 14. g4 exf4 15. Nxf4
Nc7 16. Bd2 b6 17. Nce2 d5 18. Be1 dxe4 19. Bxe4 f5 20. Nxe6 Ncxe6 21. Bg2 fxg4
22. Rxf8+ Qxf8 23. hxg4 Re8 24. Ng3 Ng5 25. Ne4 Nxe4 26. dxe4 Be5 27. c3 Qf4
28. Rb2 Qe3+ 29. Rf2 Rf8 30. Qd2 Qxd2 31. Rxd2 Nf3+ 32. Bxf3 Rxf3 33. b4 Re3
34. Kf2 Rxe4 35. bxa5 bxa5 36. Rd5 Bc7 37. Bd2 Rxg4 38. Rd7 Bh2 39. Bh6 Be5 40.
Kf3 Rxa4 41. Rd5 Bxc3 42. Rxc5 Bf6 43. Bd2 h5 44. Rxa5 Rd4 45. Ra8+ Kf7 46.
Ra7+ Ke8 47. Ra8+ Bd8 48. Bg5 Rd5 49. Be3 Kf7 50. Ke4 Rd7 51. Ra7 Bc7 52. Kf3
Ke6 53. Ke2 h4 54. Ra6+ Kf7 55. Kf3 h3 56. Ra4 Rd1 57. Rh4 h2 58. Kg2 Ke6 59.
Bf2 Kf5 60. Rh7 Be5 61. Rf7+ Kg4 62. Rh7 g5 63. Rh3 Rg1+ 64. Bxg1 hxg1=Q+ 65.
Kxg1 Kxh3 0-1

[Event "Prva A liga SSFBiH"]
[Site "Neum"]
[Date "2012.08.25"]
[Round "1.2"]
[White "Jefic, Srdjan"]
[Black "Music, Suad"]
[Result "1/2-1/2"]
[WhiteElo "2165"]
[BlackElo "2021"]
[PlyCount "129"]
[EventDate "2012.08.25"]

1. e4 d5 2. exd5 Qxd5 3. Nc3 Qa5 4. Nf3 Nf6 5. Bc4 Bf5 6. O-O e6 7. d3 c6 8.
Bf4 Qd8 9. h3 Bd6 10. Ne5 Qc7 11. Re1 Nbd7 12. d4 O-O 13. Bd3 Bg6 14. Qf3 Bxd3
15. Qxd3 Rfd8 16. Qf3 a6 17. Ne4 Nxe4 18. Rxe4 Nf6 19. Re2 Nd5 20. Bg3 b5 21.
Rc1 c5 22. dxc5 Bxe5 23. Bxe5 Qxc5 24. c3 Rac8 25. Qg4 Qf8 26. Rce1 Ne7 27. h4
Rc5 28. f4 Nf5 29. b3 Rcc8 30. Qh3 Qc5+ 31. Kh2 h5 32. g4 hxg4 33. Qxg4 Qe7 34.
Rg2 f6 35. Bd4 Qf7 36. a3 Rd5 37. Rge2 Re8 38. Re4 Nxh4 39. R4e3 Nf5 40. Rh3
Nxd4 41. cxd4 Rxd4 42. Re2 f5 43. Qh4 Kf8 44. Rg3 Qf6 45. Rg5 Qh6 46. Rh5 Qxf4+
47. Qxf4 Rxf4 48. Rh8+ Kf7 49. Rxe8 Kxe8 50. Rxe6+ Kf7 51. Rxa6 b4 52. Ra4 Re4
53. axb4 Re3 54. Ra3 Kf6 55. b5 Kg5 56. b6 Re5 57. b4 Rb5 58. Rb3 f4 59. b7
Rxb7 60. b5 Rb6 61. Kg2 Kg4 62. Rb4 g5 63. Kf2 Kh4 64. Kf3 g4+ 65. Kf2 1/2-1/2

[Event "Prva A liga SSFBiH"]
[Site "Neum"]
[Date "2012.08.25"]
[Round "1.2"]
[White "Ivic, Marko"]
[Black "Pantic, Bojan"]
[Result "0-1"]
[WhiteElo "1932"]
[BlackElo "2109"]
[PlyCount "54"]
[EventDate "2012.08.25"]

1. c4 Nf6 2. Nc3 e6 3. b3 b6 4. Nf3 Bb7 5. g3 Be7 6. Bg2 d6 7. O-O Nbd7 8. Bb2
O-O 9. d3 Qc8 10. Qc2 c5 11. e4 a6 12. a4 Rd8 13. Rfe1 Nf8 14. Rad1 e5 15. Nd5
Nxd5 16. exd5 b5 17. axb5 axb5 18. d4 cxd4 19. Bxd4 Qc7 20. Bc3 bxc4 21. bxc4
Nd7 22. Nd2 Nc5 23. f4 Bf6 24. Ne4 Nxe4 25. Bxe4 h6 26. fxe5 Bxe5 27. Rb1 Re8
0-1

[Event "Prva A liga SSFBiH"]
[Site "Neum"]
[Date "2012.08.25"]
[Round "1.3"]
[White "Djokic, Vladan"]
[Black "Rasidovic, Sead"]
[Result "0-1"]
[WhiteElo "2334"]
[BlackElo "2359"]
[PlyCount "92"]
[EventDate "2012.08.25"]

1. c4 f5 2. Nf3 Nf6 3. Nc3 e6 4. d4 Bb4 5. Qb3 Qe7 6. c5 Nc6 7. a3 Bxc3+ 8.
Qxc3 O-O 9. b4 d6 10. e3 Nd8 11. Be2 b6 12. a4 Bb7 13. O-O Ne4 14. Qc2 Rf6 15.
Ne1 Rh6 16. g3 Qe8 17. Bf3 g5 18. Bg2 Qh5 19. h3 Bd5 20. Nd3 Nxc5 21. f3 Nxd3
22. Qxd3 Bb7 23. Bd2 Rf6 24. e4 f4 25. g4 Qe8 26. Rfc1 Rf7 27. Bf1 a6 28. Ra2
Rd7 29. Be1 Nf7 30. h4 c5 31. hxg5 cxd4 32. Qxd4 Nxg5 33. Bg2 Rc8 34. Rxc8 Qxc8
35. Qf6 Rg7 36. Qxf4 e5 37. Qe3 h5 38. Bh4 Ne6 39. Qh6 Nf4 40. Bf6 Qc1+ 41. Kh2
Rg6 42. Qh8+ Kf7 43. g5 Ne6 44. Qh7+ Ng7 45. Bh3 Qf4+ 46. Kg2 Qxf6 0-1

[Event "Prva A liga SSFBiH"]
[Site "Neum"]
[Date "2012.08.25"]
[Round "1.3"]
[White "Mestrovic, Zvonimir"]
[Black "Mahmutbegovic, Midhat"]
[Result "1-0"]
[WhiteElo "2319"]
[BlackElo "2078"]
[PlyCount "45"]
[EventDate "2012.08.25"]

1. e4 e6 2. d4 d5 3. Nc3 dxe4 4. Nxe4 Nd7 5. Nf3 Ngf6 6. Nxf6+ Nxf6 7. Bd3 b6
8. Ne5 Bb7 9. Bb5+ c6 10. Qf3 Qc7 11. Bxc6+ Bxc6 12. Qxc6+ Qxc6 13. Nxc6 Rc8
14. Nxa7 Rxc2 15. O-O Be7 16. Nb5 Nd5 17. b3 Kd7 18. a4 Rhc8 19. Ba3 Bb4 20.
Bxb4 Nxb4 21. Na3 Rb2 22. Nc4 Rxc4 23. bxc4 1-0

[Event "Prva A liga SSFBiH"]
[Site "Neum"]
[Date "2012.08.25"]
[Round "1.3"]
[White "Rogovic, Ismet"]
[Black "Bogdanovic, Rajko"]
[Result "0-1"]
[WhiteElo "2021"]
[BlackElo "2308"]
[PlyCount "92"]
[EventDate "2012.08.25"]

1. e4 c5 2. Nf3 d6 3. g3 Nf6 4. c3 g6 5. Bg2 Bg7 6. O-O O-O 7. d3 Nc6 8. Na3 e5
9. Nc4 h6 10. Nh4 d5 11. exd5 Nxd5 12. Ne3 Be6 13. Nxd5 Bxd5 14. Be3 b6 15. Qe2
Qd7 16. Rad1 Rfe8 17. a3 Rad8 18. Be4 Bb3 19. Rde1 Be6 20. Rd1 Bh3 21. Bg2 Bxg2
22. Kxg2 g5 23. Nf3 Qd5 24. Kg1 Nd4 25. cxd4 exd4 26. Ne1 dxe3 27. fxe3 Rxe3
28. Qg2 Qxg2+ 29. Kxg2 Bxb2 30. Rf3 Rxf3 31. Kxf3 Bxa3 32. Nc2 Bb2 33. Ke4 Bc3
34. Ne3 Bd4 35. Nf5 Re8+ 36. Kf3 h5 37. h4 Re5 38. Nxd4 cxd4 39. hxg5 Rxg5 40.
Re1 a5 41. Re8+ Kg7 42. Ke4 Rxg3 43. Kxd4 h4 44. Re4 f5 45. Re6 h3 46. Re5 h2
0-1

[Event "Prva A liga SSFBiH"]
[Site "Neum"]
[Date "2012.08.25"]
[Round "1.3"]
[White "Mahmutbegovic, Nadina"]
[Black "Strinic, Halid"]
[Result "0-1"]
[WhiteElo "1687"]
[BlackElo "2120"]
[PlyCount "76"]
[EventDate "2012.08.25"]

1. e4 e5 2. Nf3 Nc6 3. Bc4 Be7 4. d4 d6 5. dxe5 dxe5 6. Qxd8+ Bxd8 7. Nc3 a6 8.
Be3 Nf6 9. Bd5 Nb4 10. O-O-O Nbxd5 11. exd5 Nd7 12. Ne4 O-O 13. Nc5 Re8 14.
Nxd7 Bxd7 15. h3 h6 16. g4 f5 17. gxf5 Bxf5 18. Rhg1 Kh7 19. Rg3 Rc8 20. Bd2
Bf6 21. Bc3 Rcd8 22. Nh2 Bg5+ 23. Kb1 Bf4 24. Rf3 Be4 25. Rxf4 exf4 26. Rg1 Re7
27. Ng4 Rxd5 28. h4 Bf3 29. b3 Bxg4 30. Rxg4 g5 31. hxg5 hxg5 32. Rg2 Re2 33.
Kb2 Kg6 34. Rh2 g4 35. Rh8 Rxf2 36. Rg8+ Kf5 37. Rf8+ Ke4 38. Be1 Re2 0-1

[Event "Prva A liga SSFBiH"]
[Site "Neum"]
[Date "2012.08.25"]
[Round "1.3"]
[White "Mataradzic, Almir"]
[Black "Mesic, Vehid"]
[Result "1-0"]
[WhiteElo "2104"]
[BlackElo "1504"]
[PlyCount "61"]
[EventDate "2012.08.25"]

1. Nf3 Nf6 2. g3 g6 3. Bg2 Bg7 4. O-O O-O 5. c4 d6 6. Nc3 e5 7. d3 Nc6 8. Rb1
a5 9. a3 Nh5 10. Nd5 Ne7 11. Bg5 f6 12. Bd2 c6 13. Nc3 f5 14. b4 axb4 15. axb4
f4 16. Ne4 d5 17. cxd5 cxd5 18. Qb3 Kh8 19. Nc3 Bg4 20. Rbc1 Qd7 21. b5 Rad8
22. Na4 Bh3 23. Ba5 Bxg2 24. Kxg2 fxg3 25. fxg3 Qg4 26. Bxd8 Rxd8 27. e4 dxe4
28. dxe4 Qxe4 29. Qc4 Rd4 30. Qf7 Bf6 31. Rc8+ 1-0

[Event "Prva A liga SSFBiH"]
[Site "Neum"]
[Date "2012.08.25"]
[Round "1.4"]
[White "Nestorovic, Nikola"]
[Black "Bajric, Sakib"]
[Result "1-0"]
[WhiteElo "2430"]
[BlackElo "2202"]
[PlyCount "61"]
[EventDate "2012.08.25"]

1. e4 d6 2. d4 Nf6 3. Nc3 a6 4. a4 Nc6 5. Nf3 Bg4 6. Be3 e5 7. d5 Ne7 8. Be2 g6
9. O-O Bg7 10. Ne1 Bxe2 11. Qxe2 Nh5 12. Nd3 O-O 13. a5 f5 14. f3 f4 15. Bf2 g5
16. g4 fxg3 17. hxg3 Qd7 18. Kg2 Nf6 19. Nd1 g4 20. f4 Ng6 21. f5 Ne7 22. c4 h5
23. Nc3 Kf7 24. b4 Rh8 25. b5 axb5 26. cxb5 Bh6 27. Rh1 Bg5 28. Ra4 Kg7 29. a6
bxa6 30. bxa6 Nfxd5 31. exd5 1-0

[Event "Prva A liga SSFBiH"]
[Site "Neum"]
[Date "2012.08.25"]
[Round "1.4"]
[White "Okicic, Nermin"]
[Black "Mrndjic, Muamer"]
[Result "1-0"]
[WhiteElo "2170"]
[BlackElo "2282"]
[PlyCount "99"]
[EventDate "2012.08.25"]

1. d4 Nf6 2. Nf3 g6 3. g3 Bg7 4. Bg2 O-O 5. O-O d6 6. c4 c6 7. Nc3 Qa5 8. Bd2
Qh5 9. h4 Be6 10. b3 h6 11. Qc2 d5 12. cxd5 cxd5 13. Rac1 Nc6 14. Rfd1 Rac8 15.
Qb2 Rfd8 16. Na4 Ne4 17. Be3 b6 18. Nc3 Nd6 19. Qd2 Nf5 20. Nb5 a6 21. Nc3 b5
22. Nb1 Nd6 23. Qb2 b4 24. a3 a5 25. a4 Ne4 26. Ne1 g5 27. hxg5 hxg5 28. Nf3 g4
29. Nfd2 Nc3 30. Nxc3 Nxd4 31. Bxd4 Bxd4 32. Ndb1 bxc3 33. Qc2 Bf6 34. e3 Bf5
35. e4 Bg6 36. Qe2 d4 37. Na3 Bg5 38. Rc2 e5 39. Nc4 Be7 40. Nxa5 Kg7 41. Nc4
Rh8 42. a5 Rh6 43. Qd3 f5 44. Nxe5 fxe4 45. Qxd4 Rd8 46. Nd7+ Kh7 47. Rxc3 Bf5
48. Bxe4 Rd6 49. Qxd6 Bxe4 50. Qxe7+ 1-0

[Event "Prva A liga SSFBiH"]
[Site "Neum"]
[Date "2012.08.25"]
[Round "1.4"]
[White "Durakovic, Alman"]
[Black "Salkic, Fikret"]
[Result "1-0"]
[WhiteElo "2217"]
[BlackElo "2192"]
[PlyCount "85"]
[EventDate "2012.08.25"]

1. d4 Nf6 2. c4 g6 3. g3 Bg7 4. Bg2 O-O 5. Nc3 d6 6. Nf3 Nc6 7. O-O a6 8. h3
Rb8 9. e4 e5 10. Be3 exd4 11. Nxd4 Bd7 12. Nxc6 Bxc6 13. c5 dxc5 14. Bxc5 Qxd1
15. Raxd1 Rfe8 16. Rfe1 Nd7 17. Bd4 Rbd8 18. f4 Bxd4+ 19. Rxd4 Nc5 20. Red1 Ne6
21. Rxd8 Rxd8 22. Rxd8+ Nxd8 23. e5 Bxg2 24. Kxg2 Ne6 25. Kf3 h5 26. Nd5 Kf8
27. g4 hxg4+ 28. Kxg4 c6 29. Nf6 Ke7 30. f5 Nd4 31. fxg6 fxg6 32. Kg5 Kf7 33.
Ne4 b6 34. Nd6+ Ke6 35. Kxg6 Nf3 36. Nf7 Ke7 37. Ng5 Nxe5+ 38. Kf5 Nd7 39. h4
c5 40. h5 Nf8 41. h6 Kd6 42. Kf6 b5 43. Kf7 1-0

[Event "Prva A liga SSFBiH"]
[Site "Neum"]
[Date "2012.08.25"]
[Round "1.4"]
[White "Dugonjic, Dragan"]
[Black "Hadzovic, Amir"]
[Result "1-0"]
[WhiteElo "2062"]
[BlackElo "2174"]
[PlyCount "123"]
[EventDate "2012.08.25"]

1. c4 Nf6 2. Nf3 d6 3. d4 c6 4. Nc3 Qa5 5. e3 e5 6. Be2 Be7 7. O-O Nbd7 8. a3
Nf8 9. b4 Qc7 10. dxe5 dxe5 11. Bb2 Ng6 12. Qc2 O-O 13. Ne4 Nxe4 14. Qxe4 f5
15. Qc2 Be6 16. c5 Bf6 17. Bc4 Qf7 18. Bxe6 Qxe6 19. Rfd1 Rad8 20. Rxd8 Rxd8
21. Rd1 Rxd1+ 22. Qxd1 Qa2 23. Qc1 Kf7 24. h4 h5 25. Qd2 Qd5 26. Qxd5+ cxd5 27.
g3 Ke6 28. Kf1 a6 29. Ke2 Kf7 30. Kd2 Ke6 31. Ne1 Ne7 32. Nd3 Nc6 33. a4 Nd8
34. f4 e4 35. Bxf6 Kxf6 36. Nc1 Ke6 37. Nb3 g6 38. Kc3 Kd7 39. Nd4 Nf7 40. b5
axb5 41. axb5 Nd8 42. Kb4 Ke7 43. Ka5 Nf7 44. Kb4 Kd7 45. Kc3 Nd8 46. Kb4 Kc7
47. Ka5 Nf7 48. Ne2 Nd8 49. Nc3 d4 50. exd4 Ne6 51. Ne2 b6+ 52. Kb4 Kb7 53. Kc4
Nc7 54. Nc3 Ne8 55. Nd5 bxc5 56. dxc5 Nc7 57. c6+ Kb8 58. Ne3 Ne6 59. Kd5 Nc7+
60. Kc5 Ne6+ 61. Kd6 Nd4 62. b6 1-0

[Event "Prva A liga SSFBiH"]
[Site "Neum"]
[Date "2012.08.25"]
[Round "1.4"]
[White "Memic, Hazim"]
[Black "Tucakovic, Mario"]
[Result "1/2-1/2"]
[WhiteElo "2022"]
[BlackElo "2040"]
[PlyCount "98"]
[EventDate "2012.08.25"]

1. e4 e5 2. Nf3 d6 3. Bc4 Be7 4. h3 Nf6 5. Nc3 O-O 6. d3 c6 7. Bg5 Nbd7 8. Bb3
Nc5 9. O-O a5 10. a3 Qb6 11. Rb1 Nxb3 12. cxb3 Be6 13. Nd2 h6 14. Be3 Qa6 15.
Qe2 d5 16. exd5 Nxd5 17. Nc4 Bf6 18. Ne4 Rfe8 19. Ncd6 b6 20. Nxe8 Rxe8 21.
Rbc1 Rc8 22. Nd6 Rc7 23. f4 exf4 24. Bf2 Be7 25. Nc4 Qb5 26. Qd1 c5 27. d4 cxd4
28. Bxd4 Rd7 29. Qf3 Ne3 30. Bxe3 fxe3 31. Rc3 Bf6 32. Rc2 Qxb3 33. Nxe3 Bd4
34. Re2 Bc4 35. Rfe1 Bxe2 36. Rxe2 Re7 37. Kf2 Rxe3 38. Rxe3 Bxe3+ 39. Qxe3
Qxe3+ 40. Kxe3 Kf8 41. Kd4 Ke7 42. Kd5 Kd7 43. a4 Kc7 44. h4 h5 45. g3 Kd7 46.
Ke5 Ke7 47. Kd5 Kd7 48. Ke5 Ke7 49. Kd5 Kd7 1/2-1/2

[Event "Prva A liga SSFBiH"]
[Site "Neum"]
[Date "2012.08.26"]
[Round "2.1"]
[White "Rasidovic, Sead"]
[Black "Nestorovic, Nikola"]
[Result "1-0"]
[WhiteElo "2359"]
[BlackElo "2430"]
[PlyCount "49"]
[EventDate "2012.08.25"]

1. f4 d5 2. Nf3 g6 3. e3 Bg7 4. Be2 Nd7 5. Nc3 c6 6. d3 e5 7. e4 Ne7 8. O-O
exf4 9. Bxf4 O-O 10. Kh1 Nc5 11. Qe1 d4 12. Nd1 Ne6 13. Bd2 f5 14. Nf2 c5 15.
c3 fxe4 16. dxe4 Bd7 17. a4 a6 18. Ng4 Kh8 19. Nge5 Nc6 20. Nxd7 Qxd7 21. Bc4
dxc3 22. bxc3 Ne5 23. Bd5 Nc7 24. c4 Nxd5 25. cxd5 1-0

[Event "Prva A liga SSFBiH"]
[Site "Neum"]
[Date "2012.08.26"]
[Round "2.1"]
[White "Mrndjic, Muamer"]
[Black "Mestrovic, Zvonimir"]
[Result "1-0"]
[WhiteElo "2282"]
[BlackElo "2319"]
[PlyCount "103"]
[EventDate "2012.08.25"]

1. e4 c5 2. Nc3 Nc6 3. f4 e5 4. fxe5 Nxe5 5. Nf3 Ng6 6. Bc4 Be7 7. O-O Nh6 8.
d3 O-O 9. Bxh6 gxh6 10. Qd2 Kg7 11. Nd5 d6 12. Qc3+ Bf6 13. Qb3 Be6 14. Ne3 Qd7
15. a4 Rab8 16. c3 a6 17. a5 Bd8 18. Qc2 Bg5 19. Nxg5 hxg5 20. d4 Bxc4 21. Nxc4
cxd4 22. cxd4 Rbc8 23. Qb3 Qe6 24. d5 Qe7 25. Rae1 Qc7 26. Ne3 Ne7 27. Qb4 f6
28. Rf2 h5 29. Ref1 h4 30. h3 Qc5 31. Qd2 b6 32. axb6 Qxb6 33. Kh2 a5 34. Ng4
Qb5 35. Qe3 Qc5 36. Qxc5 Rxc5 37. Nxf6 Ng6 38. Nh5+ Kh6 39. Rxf8 Nxf8 40. Rxf8
Kxh5 41. Rh8+ Kg6 42. Rd8 g4 43. Rxd6+ Kg5 44. hxg4 Rc2 45. e5 Kxg4 46. e6 Re2
47. Rd7 a4 48. Rb7 h3 49. Rb4+ Kf5 50. Kxh3 Ke5 51. Rb5 Kd6 52. g4 1-0

[Event "Prva A liga SSFBiH"]
[Site "Neum"]
[Date "2012.08.26"]
[Round "2.1"]
[White "Bogdanovic, Rajko"]
[Black "Durakovic, Alman"]
[Result "1/2-1/2"]
[WhiteElo "2308"]
[BlackElo "2217"]
[PlyCount "39"]
[EventDate "2012.08.25"]

1. e4 c5 2. Nf3 d6 3. d4 cxd4 4. Nxd4 Nf6 5. Nc3 a6 6. Be2 e5 7. Nb3 Be6 8. O-O
Be7 9. f4 Qc7 10. a4 Nbd7 11. Be3 O-O 12. a5 Rfc8 13. Kh1 exf4 14. Rxf4 Ne5 15.
Nd4 Nfd7 16. Rf2 Re8 17. Nf5 Bf8 18. Nd5 Bxd5 19. Qxd5 Re6 20. Nd4 1/2-1/2

[Event "Prva A liga SSFBiH"]
[Site "Neum"]
[Date "2012.08.26"]
[Round "2.1"]
[White "Hadzovic, Amir"]
[Black "Koso, Ekrem"]
[Result "1-0"]
[WhiteElo "2174"]
[BlackElo "2137"]
[PlyCount "107"]
[EventDate "2012.08.25"]

1. e4 d5 2. Nc3 Nf6 3. Qe2 Nxe4 4. Nxe4 dxe4 5. Qxe4 Nd7 6. Nf3 Nf6 7. Qh4 Bf5
8. d3 e6 9. h3 Be7 10. Qa4+ c6 11. g4 Bg6 12. Bg2 Bd6 13. Bg5 Qb6 14. Qb3 Bb4+
15. Bd2 Bc5 16. Qxb6 Bxb6 17. Ne5 Nd7 18. Nxg6 hxg6 19. b4 Rc8 20. a4 Bd4 21.
Ra2 b6 22. Ke2 f5 23. b5 c5 24. a5 c4 25. gxf5 gxf5 26. axb6 cxd3+ 27. cxd3
Bxb6 28. Bc6 Kd8 29. Bg5+ Nf6 30. h4 Ke7 31. Rha1 Kd6 32. Rxa7 Bxa7 33. Rxa7
Rhg8 34. d4 Rxc6 35. Bf4+ Kd5 36. bxc6 Kxc6 37. Ra6+ Kd7 38. Ra7+ Kc6 39. Rc7+
Kb5 40. Be5 Nh5 41. Re7 g5 42. hxg5 Rxg5 43. Rxe6 f4 44. Kf3 Kc4 45. Ke4 Rg2
46. Rc6+ Kb5 47. Rc5+ Kb4 48. Kf3 Rh2 49. Rc8 Rh4 50. d5 Rh3+ 51. Kg4 Rd3 52.
d6 Rd5 53. Re8 Rxd6 54. Bxd6+ 1-0

[Event "Prva A liga SSFBiH"]
[Site "Neum"]
[Date "2012.08.26"]
[Round "2.1"]
[White "Strinic, Halid"]
[Black "Bucan, Eldin"]
[Result "1-0"]
[WhiteElo "2120"]
[BlackElo "2140"]
[PlyCount "67"]
[EventDate "2012.08.25"]

1. e4 e5 2. Nf3 Nc6 3. Bb5 a6 4. Bxc6 dxc6 5. d4 Bg4 6. dxe5 Qxd1+ 7. Kxd1 Bc5
8. Ke2 Ne7 9. h3 Be6 10. b3 Ng6 11. Be3 Bxe3 12. Kxe3 O-O-O 13. Nc3 Rhe8 14.
Rad1 Rxd1 15. Rxd1 Bd7 16. Ne2 Nxe5 17. Nxe5 Rxe5 18. f4 Re8 19. g4 f5 20. gxf5
Bxf5 21. Ng3 Bd7 22. f5 Rf8 23. h4 g6 24. Kf4 Kd8 25. h5 Ke7 26. hxg6 hxg6 27.
Rh1 Rf7 28. Ke5 gxf5 29. exf5 Kf8 30. f6 Kg8 31. Nf5 Rf8 32. Ne7+ Kf7 33. Rh7+
Ke8 34. Ng6 1-0

[Event "Prva A liga SSFBiH"]
[Site "Neum"]
[Date "2012.08.26"]
[Round "2.2"]
[White "Kruskic, Mirsad"]
[Black "Djokic, Vladan"]
[Result "1/2-1/2"]
[WhiteElo "2118"]
[BlackElo "2334"]
[PlyCount "63"]
[EventDate "2012.08.25"]

1. d4 c5 2. d5 e5 3. e4 d6 4. Nf3 Be7 5. Nc3 a6 6. a4 Bg4 7. h3 Bxf3 8. Qxf3 g6
9. g4 h5 10. Be2 Nd7 11. Rg1 hxg4 12. hxg4 Bg5 13. Be3 Rc8 14. O-O-O Kf8 15.
Rh1 Rxh1 16. Rxh1 Kg7 17. Qh3 Nh6 18. Nd1 c4 19. Bxg5 Qxg5+ 20. Qe3 f6 21. Qxg5
fxg5 22. f3 b5 23. axb5 axb5 24. Ne3 Ra8 25. Kd2 Nc5 26. Rb1 Nf7 27. Kc3 Ra4
28. Kd2 Nd8 29. Nd1 Ndb7 30. Nc3 Ra5 31. b4 cxb3 32. Bxb5 1/2-1/2

[Event "Prva A liga SSFBiH"]
[Site "Neum"]
[Date "2012.08.26"]
[Round "2.2"]
[White "Mahmutbegovic, Midhat"]
[Black "Alihodzic, Muzafer"]
[Result "0-1"]
[WhiteElo "2078"]
[BlackElo "2081"]
[PlyCount "82"]
[EventDate "2012.08.25"]

1. e4 c6 2. d4 d5 3. Nc3 dxe4 4. Nxe4 Nd7 5. Bd3 Ngf6 6. Ng3 c5 7. Nf3 b6 8.
O-O e6 9. Re1 Bb7 10. c3 Be7 11. Ne5 cxd4 12. cxd4 a6 13. Qe2 Nxe5 14. dxe5 Nd5
15. Bd2 h5 16. Nxh5 g6 17. Nf4 Bc5 18. Nxd5 Bxd5 19. g3 Rh5 20. b4 Bd4 21. Bxa6
Rxe5 22. Qb5+ Kf8 23. Rxe5 Qf6 24. Bf4 Bxa1 25. Rxd5 exd5 26. a4 Rd8 27. Be3
Rd6 28. Bf4 Rd8 29. Be3 Bd4 30. Bxd4 Qxd4 31. Bb7 Rd6 32. a5 Rf6 33. Qe2 bxa5
34. bxa5 Qa1+ 35. Kg2 Qxa5 36. Qe5 Qb6 37. Bxd5 Qxf2+ 38. Kh3 Rf5 39. Qd6+ Kg7
40. g4 Qe3+ 41. Qg3 Qxg3+ 0-1

[Event "Prva A liga SSFBiH"]
[Site "Neum"]
[Date "2012.08.26"]
[Round "2.2"]
[White "Music, Suad"]
[Black "Rogovic, Ismet"]
[Result "0-1"]
[WhiteElo "2021"]
[BlackElo "2021"]
[PlyCount "86"]
[EventDate "2012.08.25"]

1. d4 Nf6 2. c4 e6 3. Nf3 d5 4. e3 g6 5. Nc3 Bg7 6. Qb3 O-O 7. Be2 c6 8. O-O
Nbd7 9. Qc2 b6 10. e4 dxe4 11. Nxe4 Nxe4 12. Qxe4 Bb7 13. Bg5 Qc8 14. Qh4 c5
15. Rac1 cxd4 16. Nxd4 a6 17. Rfd1 Nc5 18. b4 Ne4 19. Be3 Qd8 20. Qh3 Qe7 21.
f3 Ng5 22. Qg3 h6 23. c5 e5 24. Nb3 Rfc8 25. Rd6 bxc5 26. bxc5 Ne6 27. Rcd1 Nd4
28. Bc4 Nf5 29. Qe1 Nxd6 30. cxd6 Qf6 31. Na5 Bc6 32. Nxc6 Rxc6 33. Bd5 Qxd6
34. Bxc6 Qxc6 35. Rc1 Qe6 36. Qd2 e4 37. fxe4 Qxe4 38. Re1 Re8 39. Bf2 Qa4 40.
Rxe8+ Qxe8 41. g3 Qb5 42. Kg2 a5 43. h4 a4 0-1